00842cam a2200241 a 450000500170000000800410001702000150005805000190007324501050009224600430019725000110024026000340025130000190028549000270030449000270033149000270035850400060038550500970039154600120048865000350050070000290053570000360056420151214133639.0151214b fr ||||| |||| 00| 0 fre d a207032375704aD16 bF35 197400aFaire de l' histoire :cnouveaux problèmes /bsous la direction de Jacques Le Goff et Pierre Nora. aHacer la historia :bnuevos problemas. a1a ed. aFrancia :bGallimard, c1974. a3 v. ;c18 cm. aFolio : histoire ;v16 aFolio : histoire ;v17 aFolio : histoire ;v18 aI0 aContenido:gv.1.tNouveaux problemes --gv.2.tNouvelles approches --gv.3.tNouveaux objets aFrances 72LEMBaHistoria xMetodología1 aLe goff, Jacques, edir.1 aNora, Pierre,d[1931- ]edir.